02699cam a2200337 i 45000010011000000030006000110050017000170080041000340100015000750200031000900200028001210200027001490350060001760400097002360430012003330500016003450820016003611000090003772450154004672500018006212640047006392640011006863000028006975040050007255201203007756500065019786500060020436500068021036500070021717000120022411427728095OCoLC20241025092442.0240325s2024 nyu b 001 0 eng  a2023057975 a9781250291899q(hardcover) a1250291895q(hardcover) z9781250291905q(ebook) a(OCoLC)1427728095z(OCoLC)1392045306z(OCoLC)1450798944 aDLCbengerdacFBPdFBPdGO6dOCLCOdOCLCQdHQCdVP@dDLCdCLEdJTHdUAPdMWDdCQCdZVRdCVN an-us--- a261.1 W214F a261.1 W214F1 aWallis, Jim,eauthor.1https://id.oclc.org/worldcat/entity/E39PBJr7Rf7KbybT4xM4hP4g8C14aThe false white gospel :brejecting Christian nationalism, reclaiming true faith, and refounding democracy /cJim Wallis ; [foreword by Eddie Glaude] aFirst edition 1aNew York :bSt. Martin's Essentials,c2024 4c©2024 axvi, 286 pages ;c25 cm aIncludes bibliographical references and index a"It is time, says Jim Wallis, to call out genuine faith--specifically the "Christian" in white Christian nationalism--inviting all who can be persuaded to reject and help dismantle a false gospel that propagates white supremacy and autocracy. We need to raise up the faith of all of us, and help those who are oblivious, stuck, and captive to the ideology and idolatry of white Christian nationalism that is leading us to such great danger. Wallis turns our attention to six iconic texts at the heart of what genuine biblical faith means and what Jesus, in the gospels, has called us to do. It is time to ask anew: do we believe these teachings or not? This book isn't only for Christians but for all faith traditions, and even those with no faith at all. When we see a civic promotion of fear, hate, and violence for the trajectory of our politics, we need a civic faith of love, healing, and hope to defeat it. And that must involve all of us--religious or not. Learning to practice a politics of neighbor love will be central to the future of democracy in America. And more than ever, the words of Jesus ring, "You will know the truth, and the truth will set you free.""--cProvided by publisher 0aChristian conservatismzUnited StatesxHistoryy21st century 0aWhite nationalismzUnited StatesxHistoryy21st century 0aChristianity and politicszUnited StatesxHistoryy21st century 0aDemocracyxReligious aspectsxChristianityxHistoryy21st century1 aGlaude, Eddie S.,cJr.,d1968-ewriter of foreword.1https://id.oclc.org/worldcat/entity/E39PBJmdwmhjYWBKbXx3fJpMfq